[Event "Pobeskydi Open 2012"]
[Site "Frydek Mistek CZE"]
[Date "2012.04.08"]
[Round "7"]
[White "Samovojska,D"]
[Black "Dziodzio,A"]
[Result "1/2-1/2"]
[WhiteElo "2257"]
[BlackElo "1973"]

1.d4 Nf6 2.Bg5 Ne4 3.Bf4 f5 4.Nd2 Nf6 5.h3 e6 6.g4 fxg4 7.hxg4 Nxg4 8.e4 Nf6
9.e5 Nd5 10.Bg3 Nc6 11.Bd3 Qe7 12.Bxh7 Rxh7 13.Rxh7 Nxd4 14.Qh5+ Qf7 15.O-O-O Nf5
16.Qxf7+ Kxf7 17.Rh3 b6 18.Ne4 Be7 19.Nf3 Bb7 20.Bh2 Bc6 21.Nd4 Nxd4 22.Rxd4 Rf8
23.Rf3+ Ke8 24.Rxf8+ Kxf8 25.c4 Nb4 26.a3 Bxe4 27.Rxe4 Nc6 28.Rf4+ Kg8 29.Rg4 Kf7
30.Kc2 a5 31.Kc3 g5 32.f4 Kg6 33.Rg2 Kf5 34.fxg5 Bxg5 35.Rf2+ Kg6 36.Rf1 Bh6
37.Rf6+ Kg7 38.Rf3 Kg6 39.b4 axb4+ 40.axb4 Bg7 41.Rg3+ Kf7 42.Kb3 Nd4+ 43.Ka4 Bxe5
44.Rd3 Bxh2 45.Rxd4 Ke7 46.Rh4 Be5 47.Kb5 Bf6 48.Rh7+ Kd8 49.Ka6 Bc3 50.Kb7 Bxb4
51.Rh8+ Ke7 52.Kxc7 d5 53.cxd5 exd5 54.Kxb6 Ke6 55.Kc6 d4 56.Kb5 Bd2 57.Kc4 Be3
58.Rh5 Bf2 59.Kd3 Bg1 60.Ke4 Be3  1/2-1/2

[Event "39th La Roda Open"]
[Site "La Roda ESP"]
[Date "2012.04.08"]
[Round "8"]
[White "Llavador Moron,J"]
[Black "Martinez Martin,D"]
[Result "0-1"]
[WhiteElo "2171"]
[BlackElo "2386"]

1.d4 Nf6 2.Bg5 Ne4 3.Bf4 e6 4.Nd2 Nxd2 5.Qxd2 d5 6.Nf3 c5 7.O-O-O Nc6 8.dxc5 Bxc5
9.e4 O-O 10.e5 f6 11.Bd3 fxe5 12.Nxe5 Qf6 13.Nxc6 Qxf4 14.Qxf4 Rxf4 15.Ne5 Rxf2
16.Rdf1 Rxg2 17.Bb5 Rg5 18.Re1 Bd6 19.Nf3 Rf5 20.Nd4 Rf6 21.Ba4 a6 22.Bb3 Bd7
23.Kb1 b5 24.a3 Kf7 25.Re2 Rc8 26.Rhe1 g5 27.c3 g4  0-1

[Event "Karposh Open 2012"]
[Site "Skopje MKD"]
[Date "2012.04.12"]
[Round "7.53"]
[White "Okilj,T"]
[Black "Tairi,K"]
[Result "1-0"]
[WhiteElo "2083"]
[BlackElo "1804"]

1.d4 Nf6 2.Bg5 Ne4 3.Bf4 c5 4.f3 Qa5+ 5.c3 Nf6 6.Nd2 cxd4 7.Nb3 Qb6 8.Qxd4 Qxd4
9.Nxd4 d6 10.Bg5 Nc6 11.e4 a6 12.Bc4 e5 13.Nc2 Be6 14.Ne3 Be7 15.Rd1 Rd8
16.Ne2 h6 17.Bxf6 Bxf6 18.Nd5 Ne7 19.O-O Nxd5 20.Bxd5 Rd7 21.Kf2 Bd8 22.Nc1 Bb6+
23.Ke2 Ke7 24.Rd3 Rc8 25.Rfd1 Bc5 26.Nb3 Bb6 27.Nd2 Bc5  1-0

[Event "14th Dubai Open 2012"]
[Site "Dubai UAE"]
[Date "2012.04.17"]
[Round "3.7"]
[White "Shyam,N"]
[Black "Andriasian,Z"]
[Result "1/2-1/2"]
[WhiteElo "2490"]
[BlackElo "2616"]

1.d4 Nf6 2.Bg5 Ne4 3.Bf4 d5 4.e3 Bf5 5.f3 Nf6 6.g4 Bg6 7.c4 e6 8.Nc3 c6 9.Qb3 b6
10.Nge2 Be7 11.cxd5 Nxd5 12.Nxd5 exd5 13.Rc1 O-O 14.Bxb8 Rxb8 15.Rxc6 Qd7
16.Rc1 f5 17.gxf5 Bxf5 18.Nf4 Bd6 19.Nxd5 Be6 20.Bh3 Rxf3 21.Ne7+ Kh8 22.Ng6+ hxg6
23.Bxe6 Qe7 24.Ke2 Rf6  1/2-1/2

[Event "Belgrade Cup Final 2012"]
[Site "Belgrade SRB"]
[Date "2012.04.18"]
[Round "1.7"]
[White "Mitrovic,Rat"]
[Black "Lazarevic,ZV"]
[Result "1/2-1/2"]
[WhiteElo "1892"]
[BlackElo "2111"]

1.d4 Nf6 2.Bg5 Ne4 3.Bf4 c5 4.f3 Qa5+ 5.c3 Nf6 6.e4 cxd4 7.Qxd4 Nc6 8.Qd2 e6
9.Bd3 Be7 10.Ne2 O-O 11.b4 Qb6 12.Be3 Qc7 13.Na3 a6 14.Nc4 b5 15.Nb6 Rb8
16.Nxc8 Rfxc8 17.O-O d5 18.a4 Bd6 19.g3 Ne5 20.Bd4 Nxd3 21.Bxf6 Ne5 22.Qg5 Ng6
23.Bd4 e5 24.Bf2 dxe4 25.fxe4 Qc6 26.axb5 Qxe4 27.Qe3 Qxe3 28.Bxe3 axb5 29.Ra6 Bc7
30.Bc5 Nf8 31.Rfa1 Nd7 32.Be3 Bb6 33.Kf2 f5 34.Bxb6 Nxb6 35.Rd1 Rc7 36.Rd6 Nc4
37.Rd5 Kf7 38.Nc1 g6 39.Nd3 e4 40.Nc5 Re7 41.h4 Rb6 42.Ra8 h6 43.Rdd8 Rd6
44.Rf8+ Kg7 45.Rg8+ Kf6 46.Ke2 e3 47.Rgd8 Rd2+ 48.Ke1 Rxd8 49.Rxd8 g5 50.hxg5+ hxg5
51.Rb8 Nd6 52.Rb6 Ke5 53.Ke2 Kd5 54.Nd3 Ra7 55.Rb8 Re7 56.Rb6 Re8 57.Ra6 Re4
58.Ra8 Rg4 59.Kf3 Ne4 60.Rd8+ Ke6 61.Nc5+ Nxc5 62.bxc5 Rc4 63.Re8+ Kd5 64.Rxe3 Rxc5
65.Ke2 Kc4 66.Kd2 Kb3 67.Rd3 Re5 68.Rd4 Rc5 69.Rb4+ Ka3 70.Kd3 Re5 71.Kd2 Rd5+
72.Kc2 f4 73.gxf4 g4 74.f5 Rxf5 75.Rxg4  1/2-1/2

[Event "ch-LTU 2012"]
[Site "Vilnius LTU"]
[Date "2012.04.21"]
[Round "1"]
[White "Labeckas,K"]
[Black "Kalvaitis,S"]
[Result "1-0"]
[WhiteElo "2407"]
[BlackElo "2258"]

1.d4 Nf6 2.Bg5 Ne4 3.Bf4 d5 4.e3 c5 5.Bd3 Qb6 6.Bxe4 dxe4 7.Nc3 cxd4 8.Qxd4 Qxd4
9.exd4 f5 10.f3 exf3 11.Nxf3 e6 12.O-O-O Bb4 13.Nb5 Na6 14.Nd6+ Bxd6 15.Bxd6 Bd7
16.Rhe1 O-O-O 17.Ng5 Bc6 18.Nf7 Bxg2 19.Nxh8 Rxd6 20.Rg1 Bf3 21.Rd3 Be4 22.Rc3+ Bc6
23.Rxg7 Rxd4 24.Rxh7 f4 25.Ng6 Nb4 26.Ne7+ Kd8 27.Nxc6+ bxc6 28.Ra3 Rd7 29.Rxd7+ Kxd7
30.Rxa7+ Kd6 31.h4  1-0

[Event "TCh-HUN 2011-12"]
[Site "Budapest HUN"]
[Date "2012.04.22"]
[Round "9"]
[White "Horvath,Dav"]
[Black "Korpa,B"]
[Result "0-1"]
[WhiteElo "2349"]
[BlackElo "2237"]

1.d4 Nf6 2.Bg5 Ne4 3.Bf4 c5 4.f3 Qa5+ 5.c3 Nf6 6.Nd2 cxd4 7.Nb3 Qf5 8.Bxb8 Rxb8
9.Qxd4 b6 10.e4 Qf4 11.Nh3 Qc7 12.e5 Ng8 13.O-O-O e6 14.Ng5 Ne7 15.Bb5 Nf5
16.Qf4 a6 17.g4 axb5 18.gxf5 f6 19.fxe6 dxe6 20.Ne4 Qxe5 21.Qd2 Be7 22.Rhe1 Qc7
23.Nd4 O-O 24.Ng3 e5 25.Ndf5 Bxf5 26.Nxf5 Rfd8 27.Qe2 b4 28.Nxe7+ Qxe7 29.Qc4+ Qf7
30.Qxb4 Qxa2 31.Qe7 Rxd1+ 32.Rxd1 Qa1+ 33.Kc2 Qa4+ 34.Kc1 Qa1+ 35.Kc2 Qa4+
36.Kc1 Qf4+ 37.Kc2 Qxf3 38.b4 Ra8 39.Qe6+ Kh8 40.Qxb6 Ra2+ 41.Kb3 Qxd1+ 42.Kxa2 Qc2+
43.Ka3 Qxc3+ 44.Ka4 h6 45.b5 Qc4+ 46.Ka5 Qa2+ 47.Kb4 Qd2+ 48.Ka4 e4 49.Qc6 Qd4+
50.Ka5 Qe5 51.Ka6 e3 52.Qc8+ Kh7 53.Qc2+ f5 54.Qe2 Qf4 55.b6 Qf2 56.Qb5 e2
57.b7 e1=Q 58.b8=Q Qa1+ 59.Kb7 Qfb2 60.Kc8 Qxb5 61.Qxb5 Qa8+ 62.Kd7 Qe4 63.Qb2 f4
64.Kd6 f3 65.Qf2 Qd3+ 66.Kc6 Qe2 67.Qc5 f2 68.Qf5+ Kg8 69.Qd5+ Kf8 70.Qc5+ Ke8
71.Qh5+ Qxh5  0-1

[Event "TCh-HUN 2011-12"]
[Site "Budapest HUN"]
[Date "2012.04.22"]
[Round "9"]
[White "Vamos,V"]
[Black "Gledura,B"]
[Result "1/2-1/2"]
[WhiteElo "2232"]
[BlackElo "2227"]

1.d4 Nf6 2.Bg5 Ne4 3.Bf4 c5 4.f3 Qa5+ 5.c3 Nf6 6.Nd2 cxd4 7.Nb3 Qf5 8.Bxb8 Rxb8
9.Qxd4 b6 10.e4 Qf4 11.Nh3 Qc7 12.e5 Ng8 13.O-O-O e6 14.Bd3 Ne7 15.Be4 Bb7
16.Bxb7 Rxb7 17.Rhe1 Nc6 18.Qe3 d6 19.exd6 Bxd6 20.g3 O-O 21.Ng5 Be7 22.Kb1 a5
23.Nd4 Nxd4 24.Rxd4 h6 25.Ne4 b5 26.Red1 b4 27.cxb4 axb4 28.Nd6 Rbb8 29.Qb3 Rfd8
30.Ne4 Rxd4 31.Rxd4 Qe5 32.Rd7 Bf8 33.Qd1 f5 34.Nd6 Qc5 35.b3 Qf2 36.Nc4 Qxh2
37.Qe1 Re8  1/2-1/2

[Event "Historical Melaka Op"]
[Site "Melaka MAS"]
[Date "2012.04.23"]
[Round "1"]
[White "Romero Holmes,A"]
[Black "Kharitonov,I"]
[Result "1-0"]
[WhiteElo "2501"]
[BlackElo "2106"]

1.d4 Nf6 2.Bg5 Ne4 3.Bf4 d5 4.e3 c5 5.Bd3 Nf6 6.Nf3 Nc6 7.c3 Bg4 8.h3 Bxf3
9.Qxf3 Qb6 10.b3 cxd4 11.exd4 e6 12.O-O Be7 13.b4 a5 14.b5 Nxd4 15.cxd4 Qxd4
16.Nd2 e5 17.Bxe5 Qxe5 18.Rfe1 Qd6 19.Qe2 Kf8 20.Nb3 Bd8 21.Nd4 Bc7 22.Nf3 g6
23.Rac1 Kg7 24.Qe7 Rac8 25.b6 Qxe7 26.Rxe7 Bh2+ 27.Kxh2 Rxc1 28.Ng5 Rb8 29.Rxf7+ Kh6
30.f4 Rc6 31.g4 Rxb6 32.Nf3 Re8 33.g5+ Kh5 34.gxf6 h6 35.Ne5 g5 36.Bg6+  1-0

[Event "ch-LAT 2012"]
[Site "Riga LAT"]
[Date "2012.05.01"]
[Round "5"]
[White "Berzinsh,I"]
[Black "Krilovs,Nikolaijs"]
[Result "1-0"]
[WhiteElo "2219"]
[BlackElo "2052"]

1.d4 Nf6 2.Bg5 Ne4 3.Bf4 d5 4.f3 Nd6 5.Nc3 c6 6.e4 e6 7.Nge2 g5 8.Bc1 h5
9.e5 Nf5 10.Ng3 Ng7 11.Be2 Be7 12.f4 h4 13.Nh5 Nf5 14.Bg4 Na6 15.fxg5 Bxg5
16.Bxf5 exf5 17.Bxg5 Qxg5 18.Nf6+ Ke7 19.O-O Be6 20.Ne2 Nc7 21.Nf4 Ne8 22.Qd2 Qg7
23.Qb4+ Kd8 24.Qxb7 Rc8 25.Qxa7 Rc7 26.Nxe8 Rxe8 27.Qc5 Ree7 28.a4 Bc8 29.Rf2 Ke8
30.a5 f6 31.Nh5 Qg5 32.Nxf6+ Kf7 33.a6 h3 34.g3 Bxa6 35.Rf4 Bc8 36.Ra8 Qh6
37.b4 Be6 38.Kf2 Rb7 39.Qd6 Rbd7 40.Qb8 Qg7 41.Nh5 Qg5 42.Qh8 Kg6 43.Rf8 Rh7
44.Rf6+ Kxh5 45.Qe8+ Bf7 46.Qxd7 Bg6 47.Rh4+ Qxh4 48.Qxh7+ Bxh7 49.gxh4  1-0

[Event "Ostravsky Konik A"]
[Site "Ostrava CZE"]
[Date "2012.05.02"]
[Round "5.14"]
[White "Bombek,P"]
[Black "Nguyen,Thai Dai Van"]
[Result "1/2-1/2"]
[WhiteElo "2166"]
[BlackElo "1897"]

1.d4 Nf6 2.Bg5 Ne4 3.Bf4 e6 4.f3 Bb4+ 5.c3 Bd6 6.Bxd6 Nxd6 7.e4 f5 8.Nd2 b6
9.e5 Nf7 10.f4 Bb7 11.Ngf3 Nc6 12.Bd3 g5 13.fxg5 Nxg5 14.Qe2 Qe7 15.O-O-O O-O-O
16.Kb1 Rhg8 17.Rhf1 Qg7 18.g3 Ne7 19.a3 Rdf8 20.Nh4 Qh6 21.Ba6 Kb8 22.Bxb7 Kxb7
23.c4 f4 24.Ne4 Nxe4 25.Qxe4+ Kb8 26.Rf3 fxg3 27.hxg3 Rxf3 28.Qxf3 Qg7 29.Rd3 Rf8
30.Qe2 Nf5 31.Nxf5 Rxf5 32.Ka2 h5 33.Qe3 Qg6 34.Qe4 Qg5 35.Rc3 Qg4 36.Qe3 Qg7
37.Qe4 Qg4 38.Qe3 Qg7 39.a4 Qg5 40.Kb3 Qg4 41.Qd3 h4 42.gxh4 Qxh4 43.c5 Qh1
44.cxb6 Qd5+ 45.Qc4 Qxc4+ 46.Kxc4 axb6 47.b3 Kb7  1/2-1/2

[Event "85th ch-St Petersburg"]
[Site "St Petersburg RUS"]
[Date "2012.05.09"]
[Round "5"]
[White "Shimanov,A"]
[Black "Klimov,S"]
[Result "1-0"]
[WhiteElo "2600"]
[BlackElo "2505"]

1.d4 Nf6 2.Bg5 Ne4 3.Bf4 c5 4.f3 Qa5+ 5.c3 Nf6 6.d5 e6 7.e4 exd5 8.exd5 d6
9.Qe2+ Kd8 10.Qd2 b5 11.a4 b4 12.cxb4 Qxb4 13.Nc3 Nbd7 14.Nh3 h6 15.Nf2 Rb8
16.Nd3 Qa5 17.Be2 Nb6 18.O-O Bd7 19.Nf2 Nbxd5 20.Bg3 Rb6 21.Rfd1 Nxc3 22.bxc3 Be7
23.Nd3 Re8 24.Nb2 d5 25.Be5 Kc8 26.Bb5 Rb7 27.Bxf6 Bxf6 28.Qxd5 Bxb5 29.axb5 Qxb5
30.Nc4 Re6 31.Nd6+ Rxd6 32.Qxd6  1-0

[Event "Serbia Cup Final 2012"]
[Site "Kragujevac SRB"]
[Date "2012.05.14"]
[Round "1"]
[White "Popovic,Milo2"]
[Black "Stanojevic,B"]
[Result "1/2-1/2"]
[WhiteElo "2389"]
[BlackElo "2300"]

1.d4 Nf6 2.Bg5 Ne4 3.Bf4 c5 4.f3 Nf6 5.d5 g6 6.Nc3 d6 7.e4 a6 8.Qd2 Nbd7
9.g4 b5 10.Nge2 Nb6 11.Ng3 h5 12.gxh5 Nxh5 13.Nxh5 Rxh5 14.Nd1 Bg7 15.c3 Bh3
16.Be2 Qd7 17.Ne3 Na4  1/2-1/2

[Event "HC Andersen Mindgames"]
[Site "Odense DEN"]
[Date "2012.05.18"]
[Round "5.8"]
[White "Rostgaard,T"]
[Black "Antonsen,M"]
[Result "0-1"]
[WhiteElo "2255"]
[BlackElo "2446"]

1.d4 Nf6 2.Bg5 Ne4 3.Bf4 c5 4.f3 Qa5+ 5.c3 Nf6 6.Nd2 cxd4 7.Nb3 Qb6 8.Qxd4 Nc6
9.Qxb6 axb6 10.e4 d5 11.Bd3 e5 12.Be3 Be6 13.Bc2 b5 14.exd5 Nxd5 15.Bc5 Na5
16.Bxf8 Ne3 17.Rc1 Rxf8 18.Nxa5 Rxa5 19.a3 Nxg2+ 20.Kf2 Nf4 21.Ne2 Nxe2 22.Kxe2 Ke7
23.h4 h6 24.Rhg1 g6 25.Kf2 Rd8 26.Rcd1 Raa8 27.Be4 Rab8 28.Ke3 b6 29.f4 exf4+
30.Kxf4 Rxd1 31.Rxd1 Rd8 32.Rxd8 Kxd8 33.Bd3 Bc4 34.Bc2 Ke7 35.a4 bxa4 36.Bxa4 f6
37.Bc2 g5+ 38.Kg3 Be6 39.hxg5 hxg5 40.b4 Kd6 41.Bd3 Ke5 42.Kf3 f5 43.Bb5 g4+
44.Ke3 f4+ 45.Ke2 g3  0-1

[Event "TCh-HUN 2011-12"]
[Site "Budapest HUN"]
[Date "2012.05.20"]
[Round "11"]
[White "Nagy,Danie"]
[Black "Nagy,Ervin1"]
[Result "0-1"]
[WhiteElo "2241"]
[BlackElo "2269"]

1.d4 Nf6 2.Bg5 Ne4 3.Bf4 c5 4.f3 Qa5+ 5.c3 Nf6 6.Nd2 cxd4 7.Nb3 Qd5 8.cxd4 Nc6
9.e4 Nxe4 10.fxe4 Qxe4+ 11.Ne2 e5 12.Bxe5 Nb4 13.Qb1 Qe3 14.Nc1 Nd5 15.a3 d6
16.Bg3 Bd7 17.Qd3 Rc8 18.Qxe3+ Nxe3 19.Kd2 Nc4+ 20.Ke1 Nxb2 21.Rb1 Rc2 22.d5 Be7
23.Nd4 Rc8 24.Ncb3 Na4 25.Bb5 Nc3 26.Rc1 a6 27.Bxd7+ Kxd7 28.Nf5 Bg5 29.Rc2 Nxd5
30.Rxc8 Rxc8 31.Ke2 Rc2+ 32.Kd3 Rb2 33.Nfd4 f5 34.Kc4 Ne3+ 35.Kc3 Rxg2 36.Be1 g6
37.h4 Bf6 38.Bd2 Nd5+ 39.Kc4 Ne7 40.Bg5 b5+ 41.Kb4 Ra2 42.Nc1 Nd5+ 43.Kb3 Rg2
44.Bxf6 Nxf6 45.Kb4 Kc7 46.Nce2 Kb6 47.Rc1 Nd5+ 48.Kb3 Ne7 49.a4 bxa4+ 50.Kxa4 Rg4
51.Rb1+ Kc5 52.Rc1+ Kd5 53.Rc7 Ng8 54.Rxh7 Nf6 55.Rh6 Ke4 56.Ne6 Nh5 57.Ng5+ Ke3+
58.Nd4 Rxd4+  0-1

[Event "TCh-HUN 2011-12"]
[Site "Budapest HUN"]
[Date "2012.05.20"]
[Round "11"]
[White "Reiss,T"]
[Black "Petran,Pa"]
[Result "1/2-1/2"]
[WhiteElo "2389"]
[BlackElo "2384"]

1.d4 Nf6 2.Bg5 Ne4 3.Bf4 d5 4.e3 c5 5.Bd3 Nf6 6.Nf3 Nc6 7.c3 Bg4 8.Nbd2 e6
9.Qa4 Nd7 10.Bb5 Qc8 11.Ne5 Ncxe5 12.Bxe5 a6 13.Bxd7+ Qxd7 14.Qxd7+ Kxd7
15.f3 Bh5 16.Nb3 f6 17.Bg3 Rc8 18.Rd1  1/2-1/2

[Event "TCh-HUN 2011-12"]
[Site "Nagykanizsa HUN"]
[Date "2012.05.20"]
[Round "11"]
[White "Brandics,J"]
[Black "Medvegy,Z"]
[Result "0-1"]
[WhiteElo "2308"]
[BlackElo "2531"]

1.d4 Nf6 2.Bg5 Ne4 3.Bf4 c5 4.dxc5 Nc6 5.Qd5 f5 6.Qxf5 d5 7.Qh5+ g6 8.Qf3 Bg7
9.c3 O-O 10.Qe3 e5 11.Bg3 Bf5 12.Nf3 d4 13.Qc1 Kh8 14.Nh4 Be6 15.e3 Nxf2
16.Bxf2 Rxf2 17.Nf3 Bh6 18.Nbd2 dxe3 19.Ne4 Rxf3 20.gxf3 Qh4+ 21.Ng3 Bf4
22.Rg1 Qxh2  0-1

[Event "Caissa IM May 2012"]
[Site "Kecskemet HUN"]
[Date "2012.05.21"]
[Round "2.4"]
[White "Vamos,V"]
[Black "Galyas,M"]
[Result "0-1"]
[WhiteElo "2232"]
[BlackElo "2403"]

1.d4 Nf6 2.Bg5 Ne4 3.Bf4 c5 4.f3 Qa5+ 5.c3 Nf6 6.Nd2 cxd4 7.Nb3 Qd8 8.Bxb8 Rxb8
9.Qxd4 b6 10.e4 e6 11.O-O-O Be7 12.g4 O-O 13.h4 Qc7 14.Ne2 b5 15.g5 Nh5 16.e5 g6
17.f4 a5 18.Bg2 b4 19.Rh3 a4 20.Nd2 Bc5 21.Qd3 bxc3 22.Qxc3 Ba6 23.Ne4 Bxe2
24.Rd2 Bg4 25.Rhd3 Bb6 26.Qxc7 Bxc7 27.Rxd7 Bb6  0-1

[Event "21st Chicago Open"]
[Site "Wheeling USA"]
[Date "2012.05.27"]
[Round "6"]
[White "Ivanisevic,I"]
[Black "Mikhalevski,V"]
[Result "0-1"]
[WhiteElo "2655"]
[BlackElo "2519"]

1.d4 Nf6 2.Bg5 Ne4 3.Bh4 c5 4.f3 g5 5.fxe4 gxh4 6.e3 d6 7.Nd2 Nd7 8.Qh5 Nf6
9.Qxh4 h5 10.Ngf3 Bh6 11.dxc5 Bxe3 12.cxd6 Qxd6 13.O-O-O Qc6 14.Kb1 Be6 15.Ne5 Qc5
16.Nec4 Bh6 17.Be2 O-O-O 18.Rhf1 Qc7 19.Qe1 Qxh2 20.e5 Ng4 21.Rh1 Qf4 22.Rxh5 Nf2
23.g3 Qxg3 24.Nf1 Rxd1+ 25.Qxd1 Qf4 26.Qd2 Rd8 27.Qxf4 Bxf4 28.c3 Nd3 29.b3 Bxc4
30.bxc4 e6 31.Kc2 Nxe5 32.Rh4 Bg5 33.Rh5 Bf4 34.Rh4 Ng6 35.Rh7 Rd7 36.Kb3 b6
37.Bh5 Ne5 38.Rh8+ Kc7 39.Be2 Kd6 40.Rh4 Ng6 41.Rg4 Ke7 42.a4 a5 43.Kc2 Rd8
44.Rg2 Rh8 45.Rf2 Rh4 46.Rg2 Bd6 47.Rg5 Kf6 48.Rb5 Bc5 49.Nd2 Ne5 50.Nb3 Nd7
51.Kd2 Bg1 52.Kc2 Rh2 53.Kd1 Nc5 54.Nd2 Nxa4 55.Ne4+ Ke7 56.Rg5 Be3 57.Rg3 Nb2+
58.Ke1 Rh1+ 59.Bf1 Nxc4 60.Rg8 Nd2  0-1

[Event "11th TCh-BIH Premier"]
[Site "Jahorina BIH"]
[Date "2012.06.02"]
[Round "1.1"]
[White "Sedlak,N"]
[Black "Jankovic,A"]
[Result "1/2-1/2"]
[WhiteElo "2556"]
[BlackElo "2564"]

1.d4 Nf6 2.Bg5 Ne4 3.Bf4 d5 4.e3 c5 5.Bd3 Nf6 6.dxc5 Nc6 7.Nf3 Bg4 8.Bb5 e6
9.c3 Bxf3 10.Qxf3 Bxc5 11.Nd2 Qb6 12.a4 a6 13.Bxc6+ Qxc6 14.Be5 Be7 15.O-O Nd7
16.Bg3 Nc5 17.c4 Bf6 18.cxd5 Qxd5 19.Qxd5 exd5 20.e4 Nxe4 21.Nxe4 dxe4 22.Rfe1 O-O
23.Rxe4 Rfd8 24.Rb4 Rd7 25.Rc1 Rad8  1/2-1/2

[Event "TCh-FRA Top 12 2012"]
[Site "Belfort FRA"]
[Date "2012.06.04"]
[Round "5.7"]
[White "Paci,C"]
[Black "Relange,E"]
[Result "1/2-1/2"]
[WhiteElo "2379"]
[BlackElo "2472"]

1.d4 Nf6 2.Bg5 Ne4 3.Bf4 c5 4.f3 Qa5+ 5.c3 Nf6 6.Nd2 cxd4 7.Nb3 Qb6 8.Qxd4 Nc6
9.Qxb6 axb6 10.Nd4 e5 11.Nxc6 dxc6 12.Bxe5 Be6 13.a3 Nd7 14.Bf4 Bb3 15.e4 Nc5
16.Nh3 Na4 17.Rb1 Bc2 18.Rc1 Bb3 19.Rb1 Bc2 20.Rc1 Bb3 21.Rb1  1/2-1/2

[Event "1st Grand Europe Open"]
[Site "Golden Sands BUL"]
[Date "2012.06.04"]
[Round "1.59"]
[White "Nalbantoglu,H"]
[Black "Lilov,V2"]
[Result "0-1"]
[WhiteElo "2011"]
[BlackElo "2430"]

1.d4 Nf6 2.Bg5 Ne4 3.Bf4 d5 4.Nd2 Bf5 5.e3 e6 6.Bd3 Bd6 7.Ne2 O-O 8.Bxe4 Bxe4
9.Bxd6 cxd6 10.Nxe4 dxe4 11.c4 Nd7 12.O-O Qe7 13.Qd2 f5 14.Rac1 Rf6 15.b4 Rh6
16.c5 d5 17.b5 g5 18.Rfd1 Nf8 19.c6 b6 20.c7 Rc8 21.Rc6 Rxc7 22.Rdc1 Rd7
23.Ng3 Ng6 24.Rc8+ Kg7 25.Qc3 f4 26.Nf1 Nh4 27.Rc7 Rf6 28.Qc6 Rxc7 29.Qxc7 Qxc7
30.Rxc7+ Rf7 31.Rc6 Kf6 32.Nd2 Nf5 33.Rc3 Ke7 34.g4 fxg3 35.hxg3 Kd7 36.f3 Nxg3
37.Kg2 Nf5 38.fxe4 Nh4+ 39.Kg3 h5 40.exd5 exd5 41.e4 Re7 42.exd5 Nf5+ 43.Kf2 Nxd4
44.Nc4 Nxb5 45.Rf3 Nd6  0-1

[Event "Server24Chess 2012"]
[Site "Ortisei ITA"]
[Date "2012.06.09"]
[Round "8"]
[White "Curien,N"]
[Black "Battistella,S"]
[Result "0-1"]
[WhiteElo "2235"]
[BlackElo "2104"]

1.d4 Nf6 2.Bg5 Ne4 3.Bf4 d5 4.e3 c5 5.Bd3 Nf6 6.c3 Nc6 7.Nd2 Bg4 8.Qa4 Bd7
9.Qd1 Bg4 10.Ngf3 e6 11.O-O Be7 12.dxc5 Bxc5 13.Qa4 Bxf3 14.Nxf3 O-O 15.Rad1 Qe7
16.Bg5 h6 17.Bh4 Rac8 18.Bb1 Nb8 19.Ne5 g5 20.Bg3 a6 21.Rfe1 b5 22.Qxa6 Nxa6  0-1

[Event "1st Grand Europe Open"]
[Site "Golden Sands BUL"]
[Date "2012.06.10"]
[Round "7.23"]
[White "Foisor,C"]
[Black "Salem,AR"]
[Result "0-1"]
[WhiteElo "2417"]
[BlackElo "2528"]

1.d4 Nf6 2.Bg5 Ne4 3.Bf4 d6 4.Nd2 Nf6 5.Ngf3 g6 6.h3 Bg7 7.c3 O-O 8.e4 Nc6
9.Bb5 e5 10.dxe5 dxe5 11.Bg5 h6 12.Bxf6 Qxf6 13.Qe2 Nd8 14.Bc4 h5 15.Qe3 Qb6
16.Qxb6 axb6 17.Ke2 Ne6 18.g3 c6 19.a3 b5 20.Ba2 Nc5 21.Rac1 Rd8 22.Rc2 Kf8
23.Nh4 Bh6 24.f3 b6 25.Ng2 Ra7 26.Nb1 Rad7 27.b4 Na4 28.Ne3 Rd3 29.Nd1 Bxh3
30.Rxh3 Rxd1 31.Kf2 Kg7 32.Rh2 R8d6 33.Kg2 R6d3 34.c4 Re1 35.cxb5 cxb5 36.Rc7 Re2+
37.Kh3 Rxh2+ 38.Kxh2 Rxf3 39.Kg2 Rf6 40.Bd5 Be3 41.Rc2 Bd4 42.Bb7 Nb2 43.Nc3 Nd3
44.Kh2 Ne1 45.Rc1 Rf2+ 46.Kh3 Nf3 47.g4 Rh2+ 48.Kg3 h4+  0-1

[Event "15th Heraklion Open"]
[Site "Athens GRE"]
[Date "2012.06.11"]
[Round "3.3"]
[White "Ignatiadis,K"]
[Black "Kourouklis,Efthymios"]
[Result "1-0"]
[WhiteElo "2141"]
[BlackElo "1480"]

1.d4 Nf6 2.Bg5 Ne4 3.Bf4 c5 4.f3 Nf6 5.dxc5 Qa5+ 6.Nc3 Na6 7.a3 Qxc5 8.e4 Nc7
9.Qd2 e6 10.O-O-O d5 11.Bxc7 Qxc7 12.exd5 a6 13.d6 Qc6 14.Nge2 g6 15.Ng3 Bg7
16.Nge4 Nd7 17.g4 O-O 18.g5 b5 19.Bg2 Bb7 20.f4 Qb6 21.h4 Rfc8 22.Kb1 Bxc3
23.bxc3 Rc4 24.Nf6+ Nxf6 25.Bxb7 Qxb7 26.gxf6 Qd7 27.f5 Re4 28.Qh6  1-0

[Event "15th Heraklion Open"]
[Site "Athens GRE"]
[Date "2012.06.13"]
[Round "5.5"]
[White "Ignatiadis,K"]
[Black "Papathanasopoulos,N"]
[Result "1-0"]
[WhiteElo "2141"]
[BlackElo "1667"]

1.d4 Nf6 2.Bg5 Ne4 3.Bf4 c5 4.f3 Qa5+ 5.c3 Nf6 6.Nd2 d6 7.e4 g6 8.d5 Bg7
9.a4 O-O 10.Nc4 Qd8 11.Qd2 Re8 12.Ne2 b6 13.Bh6 Bh8 14.Ng3 Ba6 15.h4 Bxc4
16.Bxc4 Nbd7 17.Bb5 a6 18.Bc6 Rb8 19.h5 Ne5 20.Bxe8 Qxe8 21.Qe2 c4 22.O-O Nfd7
23.Be3 Nc5 24.f4 Ned3 25.Bd4 Bxd4+ 26.cxd4 Nb3 27.f5 Nxd4 28.Qg4 Ne5 29.Qh3 g5
30.f6 e6 31.Rad1 Nc2 32.dxe6 Ne3 33.e7 Qc6 34.Nf5 Nxf1 35.Rxd6 Qe8 36.Kxf1  1-0

[Event "Kuna Arandu GpB"]
[Site "Luque PAR"]
[Date "2012.06.13"]
[Round "9.1"]
[White "Martinez,Ay"]
[Black "Colombo,C"]
[Result "0-1"]
[WhiteElo "2107"]
[BlackElo "2056"]

1.d4 Nf6 2.Bg5 Ne4 3.Bf4 c5 4.f3 Qa5+ 5.c3 Nf6 6.Nd2 cxd4 7.Nb3 Qb6 8.Qxd4 Nc6
9.Qxb6 axb6 10.e4 d5 11.exd5 Nxd5 12.Bg3 Ne3 13.Bd3 Be6 14.Nd4 Nxd4 15.cxd4 Rxa2
16.Rc1 Nd5 17.Ne2 Rxb2 18.Ra1 f6 19.O-O Kf7 20.Ra7 Nb4 21.Bb5 Nc6 22.Bxc6 bxc6
23.Nf4 Bc4 24.Rc1 b5 25.Rc7 g5 26.Nh3 Bd5 27.Nf2 Kg6 28.h4 h6 29.Ne4 Rb4
30.Bf2 e6 31.h5+ Kxh5 32.Nxf6+ Kg6 33.Nxd5 cxd5 34.Re1 Bg7 35.Rxe6+ Bf6 36.Rcc6 Rf8
37.Bg3 Kf5 38.Kh2 Rxd4 39.Bf2 Rd2 40.Bc5 Rf7 41.Bb4 Rd3 42.Re8 Be5+ 43.Kg1 Bg3
44.Kf1 Rb3 45.Bd2 Rb2 46.Ke2 Rf6 47.Rxf6+ Kxf6 48.Kd3 Be5 49.g4 Rb3+ 50.Ke2 d4
51.Rh8 Kg6 52.Rd8 Kf6 53.Ba5 Re3+ 54.Kf2 Ra3 55.Bb6 d3 56.Bc5 Ra2+ 57.Ke3 Bf4+
58.Ke4 d2 59.Rd3 Ke6  0-1

[Event "26th Pula Open"]
[Site "Pula CRO"]
[Date "2012.06.16"]
[Round "9.27"]
[White "Babic,Z"]
[Black "Doncevic,D"]
[Result "1/2-1/2"]
[WhiteElo "2159"]
[BlackElo "2311"]

1.d4 Nf6 2.Bg5 Ne4 3.Bf4 d5 4.f3 Nf6 5.Nc3 e6 6.Qd2 Bb4 7.a3 Ba5 8.b4 Bb6
9.Na4 Nbd7 10.c4 c6 11.e3 Bc7 12.cxd5 Bxf4 13.exf4 exd5 14.Bd3 O-O 15.Ne2 a5
16.b5 Nb6 17.Nc5 Nc4 18.Bxc4 dxc4 19.bxc6 b6 20.Ne4 Ba6 21.N2c3 Nd5 22.O-O Rc8
23.a4 Rxc6 24.Nxd5 Qxd5 25.Nc3 Qf5 26.Rab1 Rd8 27.Rfd1 Rcd6 28.Qf2 Qxf4 29.Ne4 Rh6
30.g3 Qc7 31.d5 f5 32.d6 Qd7 33.Rxb6 fxe4 34.Rxa6 Qxa4 35.Qd4 Qc2 36.Rd2 Qb1+
37.Rd1 Qc2 38.Rd2 Qb1+ 39.Rd1  1/2-1/2

[Event "National Open 2012"]
[Site "Las Vegas USA"]
[Date "2012.06.17"]
[Round "6"]
[White "Gareev,T"]
[Black "Mikhalevski,V"]
[Result "1-0"]
[WhiteElo "2654"]
[BlackElo "2519"]

1.d4 Nf6 2.Bg5 Ne4 3.Bf4 c5 4.d5 Qb6 5.Nd2 Nxd2 6.Bxd2 e5 7.Bc3 d6 8.e4 Be7
9.Nf3 O-O 10.Bd3 Na6 11.a3 c4 12.Bxc4 Nc5 13.Qe2 f5 14.O-O fxe4 15.Nd2 Bh4
16.a4 a5 17.Bb5 Bf5 18.Nc4 Qc7 19.b4 axb4 20.Bxb4 Rac8 21.Ra3 Qe7 22.Rc3 Rc7
23.Ne3 Bg6 24.Bxc5 Rxc5 25.Rxc5 dxc5 26.Qg4 Bg5 27.d6 Qf6 28.Bc4+ Kh8 29.d7 Rd8
30.Qe6 h5 31.Rb1 Bxe3 32.fxe3 Qg5 33.Re1 Kh7 34.Qd6 h4 35.Be6 Qf6 36.Rf1 Qg5
37.Qxc5 Ra8 38.Kh1 Rd8 39.a5 Kh6 40.h3 Kh7 41.Bg4 Kg8 42.Qb6 Kh7 43.c4 Qe7
44.Rd1 Qg5 45.c5 Bh5 46.Qxd8 Qxd8 47.Bxh5  1-0

[Event "Teplice Open 2012"]
[Site "Teplice CZE"]
[Date "2012.06.20"]
[Round "5.47"]
[White "Lacha,Ja"]
[Black "Klimek,Pe"]
[Result "0-1"]
[WhiteElo "1908"]
[BlackElo "1894"]

1.d4 Nf6 2.Bg5 Ne4 3.h4 c5 4.c3 Qb6 5.Qc2 Nxg5 6.hxg5 cxd4 7.cxd4 Nc6 8.Nf3 Nxd4
9.Nxd4 Qxd4 10.Nc3 g6 11.e3 Qc5 12.Rc1 Bg7 13.Nd5 Qxc2 14.Rxc2 Kd8 15.Bd3 d6
16.Nc7 Rb8 17.Ke2 Bxb2 18.Nb5 Bg7 19.Rhc1 a6 20.Na7 Bd7 21.Be4 e6 22.Rc7 d5
23.Bd3 Be5  0-1

[Event "65th ch-RUS HL"]
[Site "Tyumen RUS"]
[Date "2012.06.24"]
[Round "8"]
[White "Shimanov,A"]
[Black "Panarin,M"]
[Result "1/2-1/2"]
[WhiteElo "2600"]
[BlackElo "2538"]

1.d4 Nf6 2.Bg5 Ne4 3.Bf4 d5 4.e3 c5 5.Bd3 cxd4 6.exd4 Nc6 7.c3 Bf5 8.Ne2 Bg6
9.Ng3 Nd6 10.Be2 e6 11.Nd2 Be7 12.O-O O-O 13.Re1 a6 14.a4 Rc8 15.Ngf1 Nxd4
16.cxd4 Bc2 17.Qc1 Bg6 18.Qd1 Bc2 19.Qc1 Bg6 20.Qd1 Bc2  1/2-1/2

[Event "40th TCh-GRE 2012"]
[Site "Achaea GRE"]
[Date "2012.07.01"]
[Round "3.8"]
[White "Papadakis,M"]
[Black "Diatsintos,A"]
[Result "1-0"]
[WhiteElo "2211"]
[BlackElo "1930"]

1.d4 Nf6 2.Bg5 Ne4 3.Bf4 d6 4.f3 Nf6 5.e4 g6 6.Bd3 Bg7 7.Ne2 Nbd7 8.Qd2 h6
9.c4 c5 10.e5 dxe5 11.dxe5 Nh5 12.e6 Ne5 13.Bxe5 Bxe5 14.exf7+ Kxf7 15.Qc2 Rg8
16.Nbc3 Nf6 17.O-O-O Qc7 18.g3 a6 19.f4 Bd6 20.Kb1 Bh3 21.Ng1 Bg4 22.Re1 Qc6
23.Nd5 Rad8 24.h3 Bc8 25.Nf3 b5 26.b3 Nxd5 27.cxd5 Qxd5 28.Be4 Qe6 29.Nh4 Qf6
30.f5 Bxg3 31.fxg6+ Kg7 32.Rhf1 Bxe1 33.Rxf6 exf6 34.Qxc5 Rge8 35.Qa7+ Rd7
36.Nf5+ Kh8 37.g7+ Kg8 38.Bd5+ Kh7 39.g8=Q+ Rxg8 40.Bxg8+ Kxg8 41.Qg1+ Kh7
42.Qxe1 Bb7 43.Qe3 Kg6 44.Qg3+ Kh7 45.Qf4 Kg6 46.Qg4+ Kh7 47.Qh5 Be4+ 48.Kb2  1-0